UBT Library

Computer accounting with QuickBooks 2013 / (Record no. 43408)

000 -LEADER
fixed length control field 00745cam a22002414i 4500
001 - CONTROL NUMBER
control field 18166128
005 - DATE AND TIME OF LATEST TRANSACTION
control field 20180226040619.0
008 - FIXED-LENGTH DATA ELEMENTS--GENERAL INFORMATION
fixed length control field 140527s2014 nyua b 001 0 eng
010 ## - LIBRARY OF CONGRESS CONTROL NUMBER
LC control number 2014379401
020 ## - INTERNATIONAL STANDARD BOOK NUMBER
International Standard Book Number 9780077826840 (cover page 4)
020 ## - INTERNATIONAL STANDARD BOOK NUMBER
International Standard Book Number 9780078025693 (verso of title page and cover page 4)
040 ## - CATALOGING SOURCE
Original cataloging agency DLC
Language of cataloging eng
Transcribing agency DLC
Description conventions rda
041 ## - LANGUAGE CODE
Language code of text/sound track or separate title eng
042 ## - AUTHENTICATION CODE
Authentication code pcc
080 ## - UNIVERSAL DECIMAL CLASSIFICATION NUMBER
Universal Decimal Classification number 330.722.6 KAY
082 ## - DEWEY DECIMAL CLASSIFICATION NUMBER
Classification number 330.722.6 KAY
100 1# - Rafti
Rafti 61
101 ## - Shkurtesa
Shkurtesa KF
245 10 - TITLE STATEMENT
Title Computer accounting with QuickBooks 2013 /
Statement of responsibility, etc Donna Kay, MBA, PhD, CPA, CITP, Maryville University of Saint Louis.
906 ## - LOCAL DATA ELEMENT F, LDF (RLIN)
a 7
b cbc
c origcop
d 2
e ncip
f 20
g y-gencatlg
942 ## - ADDED ENTRY ELEMENTS (KOHA)
Source of classification or shelving scheme
Item type Books
Holdings
Withdrawn status Lost status Source of classification or shelving scheme Damaged status Not for loan Collection code Permanent location Current location Shelving location Date acquired Total Checkouts Full call number Barcode Date last seen Price effective from Koha item type
          Koleksioni i përgjithshem UBT - Lipjan UBT - Lipjan Koleksioni i përgjithshem 02/26/2018   330.722.6 KAY 002-2999517 02/26/2018 02/26/2018 Books
UBT Library © 2015-2024. All rights reserved University Education for Business and Technology